| 000 | 01506nam0a2200361 4500 | ||
|---|---|---|---|
| 001 | RU\NLR\BIBL_A\011555980 | ||
| 005 | 20250626092303.0 | ||
| 035 | _a(NLR Aleph) 011555980 | ||
| 090 |
_a12260469 _c12260469 |
||
| 100 | _a20171212d1911 |||y0rusy50 ca | ||
| 101 | 1 |
_akum _cara |
|
| 102 | _aRU | ||
| 105 | _ay w 000ay | ||
| 135 | _acrcn 024anaba | ||
| 200 | 1 |
_aХаза газават Али ибну Аби Талиб _fпер. Ильяс из Эндирея |
|
| 210 |
_aПетровск _cтип. А.М. Михайлова _d1911 |
||
| 215 |
_a161 с. _d27 |
||
| 300 | _aАраб. графика | ||
| 325 | _aКопия доступна в Электрон. б-ке РНБ | ||
| 541 | 1 |
_a[Это - война за веру Али ибн-абу Талеба] _zrus |
|
| 686 | 1 | _aШ5(0)961.34 | |
| 852 |
_aNLR _bОНЛ _jКумык./4-154 |
||
| 942 | _cBOOK | ||
| 980 | _aNB | ||
| 980 | 3 | _akpnatlang | |
| 980 | 3 | _akp2021 | |
| 980 | 3 | _akp | |
| 981 | 2 | 3 |
_a(23) Национальные литературы _b(23) Книги на национальных языках |
| 981 | 2 | 0 |
_a(20) Книжные памятники РНБ _b(20) Отдел национальных литератур |